The states system of Europe, 1640-1990
Uloženo v:
| Hlavní autor: | |
|---|---|
| Médium: | Kniha |
| Jazyk: | angličtina |
| Vydáno: |
Oxford
Clarendon Press
1994
|
| Témata: | |
| Tagy: |
Přidat tag
Žádné tagy, Buďte první, kdo vytvoří štítek k tomuto záznamu!
|
MARC
| LEADER | 00000nam a2200000 a 4500 | ||
|---|---|---|---|
| 001 | UCY6619 | ||
| 003 | CL-VaPUC | ||
| 008 | 950529e19940000UK |||||||||||||||||eng|d | ||
| 082 | 0 | 4 | |a 940 |b OSI |2 21 |
| 100 | 0 | |a Osiander, Andreas |e author |9 336653 | |
| 245 | 1 | 4 | |a The states system of Europe, 1640-1990 |
| 246 | 1 | 0 | |a Peacemaking and the conditions of international stability |
| 300 | |a 358 p | ||
| 942 | |c BK | ||
| 945 | |d 19950529 00:00:00 |a rbrito | ||
| 260 | |a Oxford |b Clarendon Press |c 1994 | ||
| 650 | 7 | |a TRATADOS DE PAZ |2 CL-VaPUC |9 259259 | |
| 650 | 7 | |a PAISES MEDITERRANEOS |2 CL-VaPUC |9 336654 | |
| 650 | 0 | |a Ciencias Políticas |9 255201 | |
| 650 | 7 | |a SISTEMAS POLITICOS |2 CL-VaPUC |9 336655 | |
| 651 | 0 | |a Europa |9 255156 | |
| 583 | |a last modification |c 19950529 00:00:00 |k Rodrigo Vera | ||
| 999 | |c 234174 |d 234172 | ||
| 952 | |0 0 |1 0 |4 0 |6 940_000000000000000_OSI_1994 |7 0 |8 A |9 240215 |a BIBHIS |b BIBHIS |d 2019-11-18 |i 3086755 |o 940 OSI 1994 |p 3086755 |r 2025-01-20 |w 2019-11-18 |y BK |k HIS | ||